| 000 | 00959pam a2200337 a 4500 | ||
|---|---|---|---|
| 001 | 2806982 | ||
| 003 | OSt | ||
| 005 | 20140310184335.0 | ||
| 008 | 820713s1982 nyua j 000 1 eng | ||
| 010 | _a 82047937 | ||
| 020 | _a0439323428 | ||
| 040 |
_aDLC _cDLC _dDLC |
||
| 042 | _alcac | ||
| 050 | 0 | 0 |
_aPZ 7 _b.N8248Bo 2001 |
| 100 | 1 |
_aNorton, Mary. _924059 |
|
| 245 | 1 | 4 |
_aThe Borrowers avenged / _cMary Norton ; illustrated by Beth and Joe Krush. |
| 250 | _a1st ed. | ||
| 260 |
_aNew York : _bscholastic _c2001 |
||
| 300 |
_a298 p. : _bill. ; _c19 cm. |
||
| 521 | _aG5 | ||
| 526 | _c770 | ||
| 562 | _e1 | ||
| 650 | 1 |
_aFantasy. _93293 |
|
| 700 | 1 |
_aKrush, Beth, _eill. _924060 |
|
| 700 | 1 |
_aKrush, Joe, _eill. _924061 |
|
| 856 | 4 | 2 |
_3Publisher description _uhttp://www.loc.gov/catdir/description/har041/82047937.html |
| 906 |
_a7 _bcbc _corignew _d1 _eocip _f19 _gy-gencatlg |
||
| 942 |
_2lcc _cBK-SCHOLAS |
||
| 999 |
_c33716 _d33716 |
||